<?xml version="1.0" encoding="UTF-8"?>
<record
    xmlns:xsi="http://www.w3.org/2001/XMLSchema-instance"
    xsi:schemaLocation="http://www.loc.gov/MARC21/slim http://www.loc.gov/standards/marcxml/schema/MARC21slim.xsd"
    xmlns="http://www.loc.gov/MARC21/slim">

  <leader>00598nam a22001697a 4500</leader>
  <controlfield tag="005">20250626113318.0</controlfield>
  <controlfield tag="008">140124b        mx||||| |||| 00| 0 spa d</controlfield>
  <datafield tag="050" ind1="0" ind2="4">
    <subfield code="a">PQ7111 </subfield>
    <subfield code="b">M37 1972 </subfield>
  </datafield>
  <datafield tag="100" ind1="1" ind2=" ">
    <subfield code="a">Mart&#xED;nez Ocaranza, Ram&#xF3;n </subfield>
    <subfield code="e">autor</subfield>
  </datafield>
  <datafield tag="245" ind1="1" ind2="0">
    <subfield code="a">Cuadernos de literatura mexicana I :  </subfield>
    <subfield code="b">literatura indigena / </subfield>
    <subfield code="c">Ramon Martinez </subfield>
  </datafield>
  <datafield tag="250" ind1=" " ind2=" ">
    <subfield code="a">1a ed. </subfield>
  </datafield>
  <datafield tag="260" ind1=" " ind2=" ">
    <subfield code="a">Morelia, Michoac&#xE1;n, M&#xE9;xico : </subfield>
    <subfield code="b">UMSNH, </subfield>
    <subfield code="c">1972 </subfield>
  </datafield>
  <datafield tag="300" ind1=" " ind2=" ">
    <subfield code="a">96 p. ;</subfield>
    <subfield code="c">23 cm. </subfield>
  </datafield>
  <datafield tag="650" ind1=" " ind2="7">
    <subfield code="2">lemb</subfield>
    <subfield code="a">Literatura mexicana</subfield>
    <subfield code="x">Historia y cr&#xED;tica</subfield>
  </datafield>
  <datafield tag="650" ind1=" " ind2="7">
    <subfield code="a">lemb</subfield>
    <subfield code="2">Literatura ind&#xED;gena</subfield>
    <subfield code="z">M&#xE9;xico</subfield>
    <subfield code="x">Historia y cr&#xED;tica</subfield>
  </datafield>
  <datafield tag="942" ind1=" " ind2=" ">
    <subfield code="2">lcc</subfield>
    <subfield code="c">LIB</subfield>
  </datafield>
  <datafield tag="999" ind1=" " ind2=" ">
    <subfield code="c">3038</subfield>
    <subfield code="d">3038</subfield>
  </datafield>
  <datafield tag="952" ind1=" " ind2=" ">
    <subfield code="1">0</subfield>
    <subfield code="2">lcc</subfield>
    <subfield code="4">0</subfield>
    <subfield code="7">0</subfield>
    <subfield code="a">HEM-021</subfield>
    <subfield code="b">HEM-021</subfield>
    <subfield code="c">GENERAL</subfield>
    <subfield code="d">2014-01-24</subfield>
    <subfield code="f">1</subfield>
    <subfield code="i">T</subfield>
    <subfield code="k">EH</subfield>
    <subfield code="o">PQ7111 M37 1972 </subfield>
    <subfield code="p">HPU000001293</subfield>
    <subfield code="r">2014-01-24 00:00:00</subfield>
    <subfield code="t">1</subfield>
    <subfield code="y">LIB</subfield>
  </datafield>
  <datafield tag="952" ind1=" " ind2=" ">
    <subfield code="1">0</subfield>
    <subfield code="2">lcc</subfield>
    <subfield code="4">0</subfield>
    <subfield code="7">0</subfield>
    <subfield code="a">HEM-021</subfield>
    <subfield code="b">HEM-021</subfield>
    <subfield code="c">GENERAL</subfield>
    <subfield code="d">2014-01-24</subfield>
    <subfield code="f">1</subfield>
    <subfield code="i">T</subfield>
    <subfield code="k">EH</subfield>
    <subfield code="o">PQ7111 M37 1972 </subfield>
    <subfield code="p">HPU000001294</subfield>
    <subfield code="r">2014-01-24 00:00:00</subfield>
    <subfield code="t">2</subfield>
    <subfield code="y">LIB</subfield>
  </datafield>
  <datafield tag="952" ind1=" " ind2=" ">
    <subfield code="1">0</subfield>
    <subfield code="2">lcc</subfield>
    <subfield code="4">0</subfield>
    <subfield code="7">0</subfield>
    <subfield code="a">INV-033</subfield>
    <subfield code="b">INV-033</subfield>
    <subfield code="c">GENERAL</subfield>
    <subfield code="d">2025-06-26</subfield>
    <subfield code="f">1a ed.</subfield>
    <subfield code="h">V.1</subfield>
    <subfield code="i">H</subfield>
    <subfield code="k">EH</subfield>
    <subfield code="l">0</subfield>
    <subfield code="o">PQ7111 M37 1972</subfield>
    <subfield code="p">IIH000030420</subfield>
    <subfield code="r">2025-06-26 12:39:05</subfield>
    <subfield code="t">1</subfield>
    <subfield code="v">1.00</subfield>
    <subfield code="y">LIB</subfield>
  </datafield>
  <datafield tag="952" ind1=" " ind2=" ">
    <subfield code="1">0</subfield>
    <subfield code="2">lcc</subfield>
    <subfield code="4">0</subfield>
    <subfield code="7">0</subfield>
    <subfield code="a">INV-033</subfield>
    <subfield code="b">INV-033</subfield>
    <subfield code="c">GENERAL</subfield>
    <subfield code="d">2025-06-26</subfield>
    <subfield code="f">1a ed.</subfield>
    <subfield code="h">V.1</subfield>
    <subfield code="i">H</subfield>
    <subfield code="k">EH</subfield>
    <subfield code="l">0</subfield>
    <subfield code="o">PQ7111 M37 1972</subfield>
    <subfield code="p">IIH000003982</subfield>
    <subfield code="r">2025-06-26 12:41:54</subfield>
    <subfield code="t">2</subfield>
    <subfield code="v">1.00</subfield>
    <subfield code="y">LIB</subfield>
  </datafield>
</record>
